[Event "SRB-chT (Women)"]
[Site "Valjevo"]
[Date "2012.09.22"]
[Round "6.3"]
[White "Petrovic, Danijela"]
[Black "Kalevic, Sanja"]
[Result "0-1"]
[WhiteElo "1918"]
[BlackElo "2234"]
[PlyCount "82"]
[EventDate "2012.09.17"]
[EventType "team-tourn"]
[EventRounds "11"]
[EventCountry "SRB"]
[SourceTitle "CBM 150 Extra"]
[Source "ChessBase"]
[SourceDate "2012.10.19"]
[SourceVersion "1"]
[SourceVersionDate "2012.10.19"]
[SourceQuality "1"]
[WhiteTeam "Novi Sad Sah Kruzok (W)"]
[BlackTeam "Belgrade Rad (W)"]
[WhiteTeamCountry "SRB"]
[BlackTeamCountry "SRB"]

1. e4 c5 2. Nf3 d6 3. d4 cxd4 4. Nxd4 Nc6 5. Nxc6 bxc6 6. c4 g6 7. Nc3 Bg7 8. g3 Be6 9. Qa4 Qd7 10. Bg2 Rc8 11. 0-0 h5 12. Bf4 h4 13. gxh4 Rxh4 14. Bg3 Rh5 15. Rfd1 Nh6 16. Ne2 Rc5 17. Rac1 Bxb2 18. Rc2 Bg7 19. f4 Qc7 20. Be1 Ng4 21. Rd3 Rh5 22. h3 Qb6+ 23. Kh1 Nf2+ 24. Bxf2 Qxf2 25. Rf3 Qe1+ 26. Kh2 Qa5 27. Qb3 Qc7 28. Ng3 Ra5 29. Kh1 Rb8 30. Qd3 Rb1+ 31. Rf1 Rxf1+ 32. Qxf1 Ra3 33. f5 Rxg3 34. fxe6 fxe6 35. c5 d5 36. exd5 exd5 37. Rf2 Re3 38. Rf7 Qg3 39. Rf3 Rxf3 40. Qxf3 Qxf3 41. Bxf3 Bd4 0-1

[Event "SRB-chT (Women)"]
[Site "Valjevo"]
[Date "2012.09.21"]
[Round "5.2"]
[White "Kalevic, Sanja"]
[Black "Drljevic, Ljilja"]
[Result "1-0"]
[WhiteElo "2234"]
[BlackElo "2177"]
[PlyCount "83"]
[EventDate "2012.09.17"]
[EventType "team-tourn"]
[EventRounds "11"]
[EventCountry "SRB"]
[SourceTitle "CBM 150 Extra"]
[Source "ChessBase"]
[SourceDate "2012.10.19"]
[SourceVersion "1"]
[SourceVersionDate "2012.10.19"]
[SourceQuality "1"]
[WhiteTeam "Belgrade Rad (W)"]
[BlackTeam "Belgrade BAS (W)"]
[WhiteTeamCountry "SRB"]
[BlackTeamCountry "SRB"]

1. e4 d6 2. d4 g6 3. Nc3 Bg7 4. Be3 a6 5. Qd2 b5 6. Bd3 Nf6 7. a4 b4 8. Nce2 a5 9. Bh6 Bxh6 10. Qxh6 e5 11. dxe5 dxe5 12. Nf3 Qe7 13. h3 Bb7 14. Ng3 Nbd7 15. 0-0 0-0-0 16. Rfd1 Nc5 17. Qe3 h5 18. Nd2 h4 19. Ne2 g5 20. f3 Nfd7 21. Nc4 Nxd3 22. cxd3 Ba6 23. Rac1 Qc5 24. Qxc5 Nxc5 25. Nxe5 Nxd3 26. Nxd3 Bxd3 27. Kf2 b3 28. Rc5 f6 29. Rxa5 Kb7 30. Ke3 Kb6 31. Rf5 Bc2 32. Rd4 Rxd4 33. Nxd4 Rd8 34. Rxf6+ Kb7 35. Rf7 Kb6 36. Rf5 Ka6 37. Rxg5 Bd1 38. Rc5 Kb6 39. Rb5+ Ka6 40. Nxb3 Rg8 41. Nc5+ Ka7 42. Kd2 1-0

[Event "SRB-chT (Women)"]
[Site "Novi Sad"]
[Date "2010.08.25"]
[Round "3"]
[White "Kalevic, Sanja"]
[Black "Zarkovic, Mila"]
[Result "1-0"]
[WhiteElo "2265"]
[BlackElo "1888"]
[PlyCount "101"]
[EventDate "2010.08.23"]
[EventType "team-tourn"]
[EventRounds "11"]
[EventCountry "YUG"]
[SourceTitle "CBM 138 Extra"]
[Source "ChessBase"]
[SourceDate "2010.10.29"]
[SourceVersion "1"]
[SourceVersionDate "2010.10.29"]
[SourceQuality "1"]

1. b3 c5 2. Bb2 Nc6 3. e3 d5 4. f4 Bf5 5. Nf3 e6 6. Bb5 Nf6 7. 0-0 Bd6 8. Ne5 Rc8 9. Nxc6 bxc6 10. Be2 h5 11. d3 Ng4 12. Bxg4 Bxg4 13. Qe1 Rg8 14. Be5 Bxe5 15. fxe5 Qg5 16. Qf2 Rc7 17. Qf4 Qxf4 18. Rxf4 Bf5 19. Nd2 Ke7 20. Raf1 Rf8 21. Nf3 f6 22. h4 Bg4 23. exf6+ Rxf6 24. Ne5 Rxf4 25. Rxf4 Bf5 26. e4 Bh7 27. Nf3 Ke8 28. Ng5 Bg8 29. e5 Re7 30. Ra4 Kd8 31. Ra5 Bf7 32. Rxc5 Kc7 33. Ra5 Kb6 34. Ra4 Bg6 35. Rb4+ Kc7 36. Rf4 Bf5 37. b4 a6 38. Kf2 Kb6 39. Ke3 Kb5 40. Nf3 g6 41. Nd4+ Kb6 42. Rf1 Ra7 43. Rb1 Rc7 44. Rb3 Bg4 45. Rc3 Bf5 46. Rc5 Bg4 47. a3 Bf5 48. Kf4 Bg4 49. Kg5 Bf5 50. Kf6 Rc8 51. Nxe6 1-0

[Event "SRB-ch (Women)"]
[Site "Pancevo"]
[Date "2007.05.03"]
[Round "6"]
[White "Kalevic, Sanja"]
[Black "Mladenovic, Jelena"]
[Result "1-0"]
[WhiteElo "2258"]
[BlackElo "2136"]
[PlyCount "65"]
[EventDate "2007.04.28"]
[EventType "tourn"]
[EventRounds "11"]
[EventCountry "YUG"]
[SourceTitle "CBM 118 Extra"]
[Source "ChessBase"]
[SourceDate "2007.07.04"]
[SourceVersion "1"]
[SourceVersionDate "2007.07.04"]
[SourceQuality "1"]

1. e4 c5 2. Nc3 Nc6 3. Bb5 g6 4. Bxc6 dxc6 5. d3 Bg7 6. Nge2 e5 7. Be3 b6 8. Qd2 Be6 9. 0-0 Ne7 10. Bh6 0-0 11. Bxg7 Kxg7 12. f4 exf4 13. Qxf4 f6 14. Rad1 g5 15. Qg3 Qb8 16. Nf4 Bf7 17. d4 Kh8 18. Nfe2 Qxg3 19. Nxg3 Bc4 20. Rfe1 f5 21. b3 Bg8 22. d5 f4 23. d6 fxg3 24. dxe7 gxh2+ 25. Kxh2 Rfe8 26. Rd7 Kg7 27. Rf1 Be6 28. Rc7 h5 29. e5 Rac8 30. Rxa7 Ra8 31. Rxa8 Rxa8 32. Rf6 Bd7 33. Rd6 1-0

[Event "SRB-ch (Women)"]
[Site "Pancevo"]
[Date "2007.05.01"]
[Round "4"]
[White "Chelushkina, Irina"]
[Black "Kalevic, Sanja"]
[Result "1/2-1/2"]
[WhiteElo "2332"]
[BlackElo "2258"]
[PlyCount "106"]
[EventDate "2007.04.28"]
[EventType "tourn"]
[EventRounds "11"]
[EventCountry "YUG"]
[SourceTitle "CBM 118 Extra"]
[Source "ChessBase"]
[SourceDate "2007.07.04"]
[SourceVersion "1"]
[SourceVersionDate "2007.07.04"]
[SourceQuality "1"]

1. c4 c5 2. Nc3 Nc6 3. g3 g6 4. Bg2 Bg7 5. d3 e5 6. a3 Nge7 7. Rb1 a5 8. Ne4 d6 9. f4 0-0 10. Nf3 Bf5 11. Nf2 exf4 12. gxf4 Bd7 13. 0-0 Nf5 14. e3 Qe7 15. Ne4 Rab8 16. Qe1 Rfe8 17. Bd2 Nxe3 18. Bxe3 f5 19. Nfg5 fxe4 20. Bxe4 Rf8 21. Qh4 Bf6 22. Rbe1 Bxg5 23. Qxg5 Qxg5+ 24. fxg5 Rxf1+ 25. Rxf1 Rf8 26. Bf4 Bh3 27. Bg2 Nd4 28. Bxh3 Ne2+ 29. Kg2 Nxf4+ 30. Kg3 Nxd3 31. Rd1 Nf2 32. Be6+ Kg7 33. Re1 Nd3 34. Rd1 Re8 35. Rxd3 Rxe6 36. Rb3 Re7 37. Rb6 h6 38. gxh6+ Kxh6 39. Rxd6 Re4 40. Rb6 Rxc4 41. Rxb7 Kg5 42. Rb5 a4 43. h3 Kf5 44. Kf3 Ke5 45. Ke3 Kd5 46. Rb6 Rh4 47. Rxg6 Rxh3+ 48. Kd2 Rh2+ 49. Kc3 Rh3+ 50. Kc2 Rh2+ 51. Kb1 Kc4 52. Ka2 Rf2 53. Rg4+ Kb5 1/2-1/2

[Event "SCG-chT (Women)"]
[Site "Budva"]
[Date "2003.??.??"]
[Round "7.53"]
[White "Benderac, Ana"]
[Black "Kalevic, Sanja"]
[Result "0-1"]
[WhiteElo "2310"]
[BlackElo "2273"]
[PlyCount "90"]
[EventDate "2003.09.??"]
[EventType "team"]
[EventRounds "11"]
[EventCountry "YUG"]
[SourceTitle "CBM 096 Extra"]
[Source "ChessBase"]
[SourceDate "2003.10.22"]
[SourceVersion "2"]
[SourceVersionDate "2003.10.20"]
[SourceQuality "1"]

1. d4 e6 2. c4 Nf6 3. Nc3 Bb4 4. Bg5 c5 5. d5 exd5 6. cxd5 Qb6 7. Bxf6 Qxf6 8. Qc2 d6 9. e3 Nd7 10. Nf3 0-0 11. Bd3 h6 12. a3 Bxc3+ 13. Qxc3 Re8 14. Rd1 Qxc3+ 15. bxc3 Nf6 16. c4 Bd7 17. Nd2 a6 18. Rb1 b5 19. Ke2 Rab8 20. f3 a5 21. e4 b4 22. Rb2 Nh5 23. g3 f5 24. Ra1 a4 25. Rab1 b3 26. Kf2 fxe4 27. Bxe4 Nf6 28. Rg1 Re5 29. Bg6 Rf8 30. Nf1 Be8 31. Bxe8 Rfxe8 32. g4 Nd7 33. Ng3 Nb6 34. Rc1 Rf8 35. Nf5 Rf6 36. h4 h5 37. Kg3 hxg4 38. fxg4 Re4 39. Rf2 Rxc4 40. Rcf1 Rc3+ 41. Kh2 Nxd5 42. g5 Re6 43. h5 Rc2 44. Kg3 Rxf2 45. Rxf2 Ne7 0-1

[Event "SCG-chT (Women)"]
[Site "Budva"]
[Date "2003.??.??"]
[Round "4.23"]
[White "Kalevic, Sanja"]
[Black "Stojanovic, Marija R"]
[Result "1-0"]
[WhiteElo "2273"]
[BlackElo "2104"]
[PlyCount "109"]
[EventDate "2003.09.??"]
[EventType "team"]
[EventRounds "11"]
[EventCountry "YUG"]
[SourceTitle "CBM 096 Extra"]
[Source "ChessBase"]
[SourceDate "2003.10.22"]
[SourceVersion "2"]
[SourceVersionDate "2003.10.20"]
[SourceQuality "1"]

1. Nf3 c5 2. c4 Nc6 3. g3 Nf6 4. Nc3 g6 5. Bg2 Bg7 6. 0-0 0-0 7. d3 d5 8. cxd5 Nxd5 9. Nxd5 Qxd5 10. Be3 Qd6 11. Rc1 Nd4 12. Nd2 Bg4 13. Re1 Qb6 14. Nc4 Qc7 15. Qd2 Rad8 16. h3 Bc8 17. Bf4 e5 18. Bg5 f6 19. Be3 Qe7 20. Bh6 Be6 21. Bxg7 Qxg7 22. Qc3 b6 23. a4 h5 24. e3 Nf5 25. Rcd1 Qd7 26. b3 Ne7 27. Kh2 Kg7 28. f4 exf4 29. gxf4 Nd5 30. Qd2 Qc7 31. Kh1 Nb4 32. Qe2 Rd7 33. Rg1 Rh8 34. Be4 f5 35. Ne5 Bf7 36. Bxf5 Rd6 37. Rg2 Rh6 38. Rdg1 Kh7 39. Be4 Rf6 40. Nxf7 Qxf7 41. Rg5 Qxb3 42. Rxh5 Qc2 43. Rxh6+ Kxh6 44. Qxc2 Nxc2 45. Rg3 a6 46. Kg1 Nb4 47. Kf2 b5 48. axb5 axb5 49. Rg1 Rd6 50. Ke2 Nd5 51. Rc1 b4 52. Rxc5 Nc3+ 53. Kf3 Rb6 54. d4 Na4 55. Rc4 1-0

[Event "Belgrade (Women) 35th"]
[Site "Belgrade"]
[Date "2002.03.21"]
[Round "7"]
[White "Kalevic, Sanja"]
[Black "Nestorovic, Irena"]
[Result "1-0"]
[WhiteElo "2246"]
[BlackElo "2139"]
[PlyCount "91"]
[EventDate "2002.03.15"]
[EventType "tourn"]
[EventRounds "9"]
[EventCountry "YUG"]
[EventCategory "1"]
[SourceTitle "CBM 087 Extra"]
[Source "ChessBase"]
[SourceDate "2002.05.03"]
[SourceVersion "2"]
[SourceVersionDate "2002.08.09"]
[SourceQuality "1"]

1. e4 e5 2. Nf3 Nc6 3. Nc3 Nf6 4. g3 d5 5. exd5 Nxd5 6. Bg2 Be6 7. 0-0 Bd6 8. Re1 0-0 9. Nb5 f6 10. Nxd6 Qxd6 11. d4 Bg4 12. h3 Bh5 13. g4 Bf7 14. dxe5 Nxe5 15. Nxe5 fxe5 16. b3 e4 17. Bxe4 Qf6 18. Ba3 Nc3 19. Qf3 Nxe4 20. Qxe4 Rfe8 21. Be7 Qc3 22. Qd3 Qa5 23. Re3 Bg6 24. Qc4+ Bf7 25. Qd4 Rac8 26. Re5 Qa6 27. c4 Be6 28. Qc5 Kf7 29. Bh4 Qb6 30. Qxb6 axb6 31. Rae1 Ra8 32. f4 Ra5 33. R5e2 g6 34. b4 Raa8 35. Re4 b5 36. cxb5 Bxa2 37. Re7+ Kf8 38. Rxc7 Rxe1+ 39. Bxe1 Re8 40. Bf2 Bd5 41. Rxh7 Re4 42. Rd7 Be6 43. Rxb7 Rxf4 44. Bc5+ Kg8 45. Ra7 Rf7 46. Be7 1-0

[Event "YUG-ch (Women)"]
[Site "Budva"]
[Date "2002.??.??"]
[Round "?"]
[White "Manakova, Maria"]
[Black "Kalevic, Sanja"]
[Result "0-1"]
[WhiteElo "2345"]
[BlackElo "2285"]
[PlyCount "73"]
[EventDate "2002.08.??"]
[EventType "team"]
[EventRounds "9"]
[EventCountry "YUG"]
[SourceTitle "EXT 2003"]
[Source "ChessBase"]
[SourceDate "2002.11.25"]
[SourceVersion "1"]
[SourceVersionDate "2002.11.25"]
[SourceQuality "1"]

1. c4 Nf6 2. Nc3 c5 3. g3 g6 4. Bg2 Bg7 5. d3 0-0 6. e4 Nc6 7. Nge2 d6 8. 0-0 a6 9. Rb1 Rb8 10. a3 b5 11. cxb5 axb5 12. b4 cxb4 13. axb4 Bg4 14. h3 Bxe2 15. Nxe2 d5 16. Qb3 d4 17. f4 e5 18. f5 Qd6 19. g4 gxf5 20. Rxf5 Qe6 21. Qd1 Ra8 22. Ng3 Ra4 23. Bd2 Rfa8 24. g5 Nd7 25. Nh5 Ne7 26. Rf2 Ra3 27. Qf1 R8a6 28. Bf3 Bf8 29. Bg4 Qa2 30. Bc3 Qxb1 31. Qxb1 dxc3 32. Qf1 Ra1 33. Bd1 Nc6 34. Ng7 Nd4 35. Nh5 c2 36. Nf6+ Rxf6 37. gxf6 0-1

[Event "Belgrade (Women) 34th"]
[Site "Belgrade"]
[Date "2001.12.29"]
[Round "9"]
[White "Chelushkina, Irina"]
[Black "Kalevic, Sanja"]
[Result "1/2-1/2"]
[WhiteElo "2394"]
[BlackElo "2219"]
[PlyCount "84"]
[EventDate "2001.12.21"]
[EventType "tourn"]
[EventRounds "9"]
[EventCountry "YUG"]
[EventCategory "1"]
[SourceTitle "CBM 085 Extra"]
[Source "ChessBase"]
[SourceDate "2002.01.21"]
[SourceVersion "1"]
[SourceVersionDate "2002.01.21"]
[SourceQuality "1"]

1. g3 d5 2. Bg2 c6 3. Nf3 Nf6 4. 0-0 Bf5 5. d3 e6 6. Nbd2 Be7 7. b3 0-0 8. Bb2 h6 9. Re1 a5 10. e4 Bh7 11. a3 Re8 12. exd5 cxd5 13. Ne5 Nbd7 14. Ndf3 Rc8 15. Bh3 Bd6 16. Nxd7 Nxd7 17. Nd4 Nf8 18. Nb5 Bc5 19. a4 Qb6 20. d4 Be7 21. c3 Nd7 22. Bf1 Nb8 23. Bc1 Nc6 24. Be3 Qd8 25. Rc1 Bf6 26. Bg2 Qd7 27. f4 Be7 28. Bf2 b6 29. Qe2 Na7 30. c4 Nc6 31. Red1 Nb4 32. Rc3 Bf6 33. Rdc1 Red8 34. Rd1 Re8 35. h4 Bd8 36. g4 Be7 37. Bg3 Nc6 38. Re3 dxc4 39. bxc4 Bc5 40. Bxc6 Rxc6 41. Kh2 Bf8 42. h5 Rcc8 1/2-1/2

[Event "Belgrade (Women) 34th"]
[Site "Belgrade"]
[Date "2001.12.25"]
[Round "5"]
[White "Babic, Marijana"]
[Black "Kalevic, Sanja"]
[Result "0-1"]
[WhiteElo "2141"]
[BlackElo "2219"]
[PlyCount "56"]
[EventDate "2001.12.21"]
[EventType "tourn"]
[EventRounds "9"]
[EventCountry "YUG"]
[EventCategory "1"]
[SourceTitle "CBM 085 Extra"]
[Source "ChessBase"]
[SourceDate "2002.01.21"]
[SourceVersion "1"]
[SourceVersionDate "2002.01.21"]
[SourceQuality "1"]

1. e4 c5 2. Nf3 e6 3. d3 d5 4. Nbd2 Nc6 5. g3 Bd6 6. Bg2 Nge7 7. 0-0 0-0 8. Re1 Qc7 9. c3 Bd7 10. Qe2 f6 11. Nf1 d4 12. a4 e5 13. N3d2 a6 14. Nc4 b5 15. Nxd6 Qxd6 16. axb5 axb5 17. Rxa8 Rxa8 18. f4 Be6 19. Qf3 Rd8 20. cxd4 Nxd4 21. Qf2 Nec6 22. Nd2 Nb4 23. Bf1 Ndc2 24. Rd1 Nxd3 25. Bxd3 Qxd3 26. Qxc5 Nd4 27. Re1 Bg4 28. Kf2 Ne2 0-1

[Event "Belgrade (Women) 34th"]
[Site "Belgrade"]
[Date "2001.12.23"]
[Round "3"]
[White "Kalevic, Sanja"]
[Black "Calotescu, Ana Cristina"]
[Result "0-1"]
[WhiteElo "2219"]
[BlackElo "2296"]
[PlyCount "124"]
[EventDate "2001.12.21"]
[EventType "tourn"]
[EventRounds "9"]
[EventCountry "YUG"]
[EventCategory "1"]
[SourceTitle "CBM 085 Extra"]
[Source "ChessBase"]
[SourceDate "2002.01.21"]
[SourceVersion "1"]
[SourceVersionDate "2002.01.21"]
[SourceQuality "1"]

1. e4 c5 2. Nf3 Nc6 3. d4 cxd4 4. Nxd4 Nf6 5. Nc3 d6 6. Be2 e5 7. Nb3 Be7 8. Be3 0-0 9. f3 a5 10. a4 Be6 11. Nd5 Bxd5 12. exd5 Nb4 13. c4 Nd7 14. Qd2 b6 15. 0-0 Nc5 16. Ra3 Qd7 17. Nxc5 bxc5 18. f4 e4 19. f5 Bf6 20. Kh1 Qe7 21. Bf4 Rfe8 22. Rg3 Kh8 23. b3 Rab8 24. Rh3 Bd4 25. Qe1 Qf6 26. Rh5 Nd3 27. Bxd3 exd3 28. Qd1 Be3 29. Rh3 Bxf4 30. Rxf4 Rxb3 31. Rf1 Rb4 32. Qxd3 Rxa4 33. Re3 Rf8 34. Rfe1 Ra1 35. Qe4 Rxe1+ 36. Rxe1 h6 37. Qc2 Rb8 38. Qa4 Qxf5 39. Qxa5 Kh7 40. Qd2 Rb3 41. h3 Rd3 42. Qe2 Rd4 43. Rf1 Qg6 44. Kh2 f5 45. Ra1 Re4 46. Qd3 Qf6 47. Rc1 Qe5+ 48. Kh1 Kg6 49. Rf1 Kf6 50. Qb3 f4 51. Qc2 Qd4 52. Rc1 Kg5 53. Qb3 Re3 54. Qb8 Qe5 55. Rg1 Rc3 56. Qb5 Qe4 57. Qd7 Qe5 58. Qb5 h5 59. Qa6 Kh6 60. Rf1 Rc2 61. Rg1 f3 62. g3 f2 0-1

[Event "EU-Cup (Women) 06th"]
[Site "Belgrade"]
[Date "2001.09.19"]
[Round "4"]
[White "Kalevic, Sanja"]
[Black "Zimina, Olga"]
[Result "1-0"]
[WhiteElo "2219"]
[BlackElo "2312"]
[PlyCount "143"]
[EventDate "2001.09.16"]
[EventType "team-swiss"]
[EventRounds "7"]
[EventCountry "YUG"]
[SourceTitle "EXT 2013"]
[Source "ChessBase"]
[SourceDate "2012.11.22"]
[SourceVersion "1"]
[SourceVersionDate "2012.11.22"]
[SourceQuality "1"]
[WhiteTeam "Belgrade BAS (W)"]
[BlackTeam "St Petersburg (W)"]
[WhiteTeamCountry "YUG"]
[BlackTeamCountry "RUS"]

1. e4 c6 2. d4 d5 3. e5 Bf5 4. Be3 Qb6 5. Nd2 e6 6. Nb3 a5 7. a4 Nd7 8. Nf3 Bg4 9. Be2 Ne7 10. 0-0 Nf5 11. Bf4 Be7 12. Qd3 0-0 13. h3 Bxf3 14. Bxf3 c5 15. Bxd5 Nxd4 16. Nxd4 cxd4 17. Be4 f5 18. exf6 Nxf6 19. Be5 Nxe4 20. Qxe4 Rad8 21. Rad1 Bf6 22. Bxf6 Rxf6 23. b3 Rf7 24. Rd2 Qd6 25. Re1 Re7 26. c3 Qb6 27. Rxd4 Rf8 28. Qc2 Rff7 29. Re2 Qc5 30. Rde4 Qc8 31. Qd2 Rf6 32. c4 Qc6 33. Qe3 Re8 34. Re5 b6 35. Rb5 Rg6 36. f4 h6 37. Rxb6 Qd7 38. f5 Rg5 39. Rxe6 Rf8 40. f6 gxf6 41. Rd2 Qg7 42. Re7 Qg6 43. c5 Rg3 44. Qe6+ Kh8 45. c6 Rg8 46. Qe4 Qxe4 47. Rxe4 Rc8 48. Re6 Rxb3 49. Rxf6 Kg7 50. Re6 Rc7 51. Rdd6 Rb4 52. Rg6+ Kf8 53. Rxh6 Rxa4 54. Rhf6+ Kg7 55. Rg6+ Kf8 56. Rd7 Rxd7 57. cxd7 Ke7 58. Rd6 Kd8 59. Kh2 Rc4 60. Ra6 a4 61. Ra7 Rd4 62. g4 Rxd7 63. Rxa4 Ke7 64. Rf4 Rd3 65. Kg2 Ke6 66. Rf3 Rd8 67. Kg3 Rd2 68. Kh4 Rd5 69. g5 Rd8 70. Kg4 Ke5 71. Re3+ Kd4 72. Re1 1-0

[Event "EU-Cup (Women) 06th"]
[Site "Belgrade"]
[Date "2001.09.17"]
[Round "2"]
[White "Hamdouchi, Adina Maria"]
[Black "Kalevic, Sanja"]
[Result "1/2-1/2"]
[WhiteElo "2290"]
[BlackElo "2219"]
[PlyCount "28"]
[EventDate "2001.09.16"]
[EventType "team-swiss"]
[EventRounds "7"]
[EventCountry "YUG"]
[SourceTitle "EXT 2013"]
[Source "ChessBase"]
[SourceDate "2012.11.22"]
[SourceVersion "1"]
[SourceVersionDate "2012.11.22"]
[SourceQuality "1"]
[WhiteTeam "Timisoara Luxten (W)"]
[BlackTeam "Belgrade BAS (W)"]
[WhiteTeamCountry "ROU"]
[BlackTeamCountry "YUG"]

1. Nf3 Nf6 2. g3 b6 3. Bg2 Bb7 4. c4 c5 5. 0-0 g6 6. b3 Bg7 7. Bb2 d6 8. Nc3 0-0 9. e3 Nbd7 10. Qe2 Ne4 11. Rac1 Nxc3 12. Bxc3 Bxc3 13. Rxc3 Ne5 14. d4 Nxf3+ 1/2-1/2

[Event "YUG-ch (Women) 54th"]
[Site "Herceg Novi"]
[Date "2001.04.06"]
[Round "13"]
[White "Prudnikova, Svetlana"]
[Black "Kalevic, Sanja"]
[Result "1-0"]
[WhiteElo "2422"]
[BlackElo "2274"]
[PlyCount "119"]
[EventDate "2001.03.23"]
[EventType "tourn"]
[EventRounds "15"]
[EventCountry "YUG"]
[SourceTitle "CBM 081 Extra"]
[Source "ChessBase"]
[SourceDate "2001.05.06"]
[SourceVersion "1"]
[SourceVersionDate "2001.05.06"]
[SourceQuality "1"]

1. Nf3 Nf6 2. c4 e6 3. Nc3 d5 4. d4 Be7 5. Bg5 0-0 6. e3 Nbd7 7. Qc2 c6 8. h3 Re8 9. Bd3 dxc4 10. Bxc4 Nd5 11. Bxe7 Qxe7 12. 0-0 Nxc3 13. bxc3 e5 14. Bb3 e4 15. Nd2 Nf6 16. f3 exf3 17. Rxf3 Be6 18. e4 Bxb3 19. Qxb3 Qe6 20. Qxb7 Rab8 21. Qxa7 Rb2 22. Rf2 h6 23. a4 Reb8 24. Raf1 R8b7 25. Qa8+ Rb8 26. Qa7 R8b7 27. Qa6 Nxe4 28. Nxe4 Qxe4 29. Rxb2 Rxb2 30. Qc8+ Kh7 31. Qf5+ Qxf5 32. Rxf5 Rb3 33. Rc5 Rb6 34. Kf2 Kg6 35. g4 Kf6 36. h4 g6 37. a5 Ra6 38. Ke3 Ke6 39. Ke4 Kd6 40. g5 hxg5 41. hxg5 Ra8 42. Re5 Ra7 43. Kd3 Ra8 44. Kc4 Ra7 45. Rc5 Ra8 46. d5 cxd5+ 47. Rxd5+ Kc6 48. Rc5+ Kd6 49. Rb5 Kc6 50. Rb6+ Kc7 51. Kb5 Re8 52. Rc6+ Kb8 53. c4 Re5+ 54. Kb6 Re1 55. Rf6 Rb1+ 56. Kc6 Rg1 57. Rxf7 Rxg5 58. Kb6 Rf5 59. Rxf5 gxf5 60. a6 1-0

[Event "YUG-ch (Women) 54th"]
[Site "Herceg Novi"]
[Date "2001.04.01"]
[Round "9"]
[White "Maksimovic, Suzana"]
[Black "Kalevic, Sanja"]
[Result "1/2-1/2"]
[WhiteElo "2315"]
[BlackElo "2274"]
[PlyCount "26"]
[EventDate "2001.03.23"]
[EventType "tourn"]
[EventRounds "15"]
[EventCountry "YUG"]
[SourceTitle "CBM 081 Extra"]
[Source "ChessBase"]
[SourceDate "2001.05.06"]
[SourceVersion "1"]
[SourceVersionDate "2001.05.06"]
[SourceQuality "1"]

1. d4 e6 2. Nf3 Nf6 3. e3 b6 4. Bd3 Bb7 5. 0-0 d5 6. c4 Bd6 7. b4 dxc4 8. Bxc4 0-0 9. a3 c5 10. dxc5 bxc5 11. b5 Qc7 12. Nbd2 Nbd7 13. Bb2 Rfd8 1/2-1/2